000 00555nam a2200181Ia 4500
003 OSt
005 20201123112317.0
008 190216s9999||||xx |||||||||||||| ||und||
020 _a9780140267310
040 _coclc
082 _a909.829
_bHUN/C
100 _a Huntington, Samuel P
_93413
245 4 _aThe Clash Of Civilizations And The Remaking Of World Order /
_cSamuel P Huntington
260 _bPenguin Books,
_aNew Delhi:
_c1996.
300 _a367p
650 _aHistory
942 _cBK
_2ddc
_h909.829
_iHUN/C
_k909.829
_mHUN/C
999 _c21190
_d21190